LEADER 01289nam a2200301 4500 001 000000348122 003 CaOOAMICUS 005 20241031111323.0 008 211012s1992 it 000 u mul r 020 $a88-7380-169-2 040 $aSeMil$bita 245 03$aIl Sogno della Croce e liriche del Duecento inglese sulla Passione /$ca cura di Domenico Pezzini. 264 1$aParma :$bPratiche,$c1992. 300 $a168 p. ;$c19 cm 490 1 $aBiblioteca medievale ;$v25 541 0 $aOmaggio card. Angelo Scola (1W I 681) 546 $aTesto orig. a fronte 650 4$aLetteratura anglosassone.$0(OLS)http://semarc/subject/51106 700 1 $aPezzini, Domenico,$d<1937-2021>.$0(OLS)http://semarc/name/7876 830 0$aBiblioteca medievale ;$v25.$0(OLS)http://semarc/title/427357 850 $aSeMil 852 $aSeMil$W1$xVenegono$y1$m1W I 681$j251985$B239160$CSeMilBibl$Z2$F239160 $81 941 1 $a6 961 $aOmaggio card. Angelo Scola. -- Timbro del card. Angelo Scola 996 $6020$a88-7380-169-2$9(OLS)http://semarc/number/294297 996 $6245$aIl Sogno della Croce e liriche del Duecento inglese sulla Passione$9(OLS)http://semarc/title/437455 996 $6264$aParma :$bPratiche$9(OLS)http://semarc/publisher/29958 LEADER 01324nam a2200229 i 4500 001 000000237496 003 CaOOAMICUS 005 20240220124650.0 008 141231s1757 it u000 u lat u 013 $a216401 026 $aisa- m,ac s.n- tues (3) 1757 (R) 040 $aSeMil$bita 245 10$aPars 5. quae scriptas complectitur ab exitu anni 1554 usque ad finem anni 1558. Scilicet ab inita in Anglia apostolicae legationis administratione, usque ad mortem ejusdem cardinalis. Accedit appendix monumentorum ad easdem spectantium. 300 $a[8], XXIV, 404 p. 500 $aSegn.: pg4 *-3*4 A-2D4 2E2 2F-3E4 650 4$aPapato.$0(OLS)http://semarc/subject/786 773 0 $aPole, Reginald $tEpistolarum Reginaldi Poli S.R.E. cardinalis et aliorum ad ipsum pars 1. [-5.].$dBrixiae : Excudebat Joannes-Maria Rizzardi, 1744-1757.$g5$w()31206 850 $aSeMil 852 $aSeMil$W1$xVenegono$y1$m3B V 25 FA$j187842$B187842$CSeMilBibl$Z2$F198763 $8I 961 $aOmaggio: Deposito 996 $6245$aPars 5. quae scriptas complectitur ab exitu anni 1554 usque ad finem anni 1558. Scilicet ab inita in Anglia apostolicae legationis administratione, usque ad mortem ejusdem cardinalis. Accedit appendix monumentorum ad easdem spectantium$9(OLS)http://semarc/title/338493